书目信息 |
| 题名: |
园林设计初步
|
|
| 作者: | 贝尔托斯基 著 ;闫红伟 , 李俊英 , 王蕾 译 | |
| 分册: | ||
| 出版信息: | 北京 化学工业出版社 2007.04 |
|
| 页数: | 281页 | |
| 开本: | 26cm | |
| 丛书名: | 园林设计师书系 | |
| 单 册: | ||
| 中图分类: | TU986.2 | |
| 科图分类: | ||
| 主题词: | 园林设计--yuan lin she ji | |
| 电子资源: | ||
| ISBN: | 978-7-5025-9772-6 | |
| 000 | 01330nam 2200313 450 | |
| 001 | 012007344232 | |
| 005 | 20070930162514.06 | |
| 010 | @a978-7-5025-9772-6@dCNY37.00 | |
| 100 | @a20070804d2007 km y0chiy0120 ea | |
| 101 | 1 | @achi@ceng |
| 102 | @aCN@b110000 | |
| 105 | @aa z 000yy | |
| 200 | 1 | @a园林设计初步@Ayuan lin she ji chu bu@d= Designing the landscape@f(美) T. 贝尔托斯基著@F(mei)T.bei er tuo si ji zhu@g闫红伟, 李俊英, 王蕾等译@Gyan hong wei,li jun ying,wang lei deng yi@zeng |
| 210 | @a北京@c化学工业出版社@d2007.04 | |
| 215 | @a281页@c图@d26cm | |
| 225 | 2 | @a园林设计师书系@Ayuan lin she ji shi shu xi |
| 306 | @a本书中文简体字版由培生教育(北亚)出版有限公司和化学工业出版社合作出版。 | |
| 330 | @a本书内容包括设计师的职责、如何开展业务、会见客户,如何对现场进行测量和记录、调查与分析,设计的功能性原则,设计方案的构思,如何形成有感染力的设计方案等。 | |
| 333 | @a本书适合园林设计初入门者以及相关专业的大中专学生阅读使用 | |
| 410 | 0 | @12001 @a园林设计师书系 |
| 500 | 10 | @aDesigning the landscape@mChinese |
| 606 | 0 | @a园林设计@Ayuan lin she ji |
| 690 | @aTU986.2@v4 | |
| 701 | 1 | @a贝尔托斯基@Abei er tuo si ji@g(Bertauski, Tony)@4著 |
| 702 | 0 | @a闫红伟@Ayan hong wei@4译 |
| 702 | 0 | @a李俊英@Ali jun ying@4译 |
| 702 | 0 | @a王蕾@Awang lei@4译 |
| 801 | 0 | @aCN@c20070930 |
| 905 | @dTU986.2@eB678 | |
| 园林设计初步= Designing the landscape/(美) T. 贝尔托斯基著/闫红伟, 李俊英, 王蕾等译.-北京:化学工业出版社,2007.04 |
| 281页:图;26cm.-(园林设计师书系) |
| 使用对象:本书适合园林设计初入门者以及相关专业的大中专学生阅读使用 |
| ISBN 978-7-5025-9772-6:CNY37.00 |
| 本书内容包括设计师的职责、如何开展业务、会见客户,如何对现场进行测量和记录、调查与分析,设计的功能性原则,设计方案的构思,如何形成有感染力的设计方案等。 |
| ● |
| 相关链接 |
|
|
|
正题名:园林设计初步
索取号:TU986.2/B678
 
预约/预借
| 序号 | 登录号 | 条形码 | 馆藏地/架位号 | 状态 | 备注 |
| 1 | 255922 | 202559221 | 建筑库201/201建筑库 67排3列5层/ [索取号:TU986.2/B678] | 在馆 | |
| 2 | 255923 | 202559230 | 建筑库201/201建筑库 67排3列5层/ [索取号:TU986.2/B678] | 在馆 | |
| 3 | 255924 | 202559249 | 建筑与城市规划学院资料室/201建筑库 68排3列5层/ [索取号:TU986.2/B678] | 在馆 |